Καρπαθιακή λαογραφία : όψεις του λαϊκού πολιτισμού
Αποθηκεύτηκε σε:
| Κύριος συγγραφέας: | |
|---|---|
| Μορφή: | Βιβλίο |
| Γλώσσα: | Greek |
| Δημοσίευση: |
Αθήνα :
Πνευματικό Κέντρο Δήμου Καρπάθου,
2001
|
| Θέματα: | |
| Ετικέτες: |
Προσθήκη ετικέτας
Δεν υπάρχουν, Καταχωρήστε ετικέτα πρώτοι!
|
MARC
| LEADER | 00000cam a2200000 i 4500 | ||
|---|---|---|---|
| 001 | 1/59289 | ||
| 008 | 040819s2001 gre d | ||
| 020 | |a 960-86851-0-9 | ||
| 035 | |l 10074092 | ||
| 040 | |a GR-MY-UA |b gre |e aacr | ||
| 041 | 0 | |a gre | |
| 082 | 0 | |a 398.2 | |
| 100 | 1 | |a Αλεξιάδης, Μηνάς Αλ., |d 1948- | |
| 245 | 1 | 0 | |a Καρπαθιακή λαογραφία : |b όψεις του λαϊκού πολιτισμού / |c Μηνάς Αλ. Αλεξιάδης |
| 260 | |a Αθήνα : |b Πνευματικό Κέντρο Δήμου Καρπάθου, |c 2001 | ||
| 300 | |a 455 σ. | ||
| 650 | 0 | 0 | |a Folklore |z Greece |z Karpathos (Municipality) |
| 852 | |a INST |b RHODES |e 20040819 |h 398.2 ΑΛΕ |p 005400018642 |q 005400018642 |t BK |y 0 | ||
| 901 | |a BIBL4-2004-2 | ||
| 909 | |a Ρ |b 085221 | ||
| 970 | |a ΚΟΥΛΑΚΙΟΤΗ |b ΛΙΤΣΑ |z 2004/08/19 | ||